01166nam a2200229 a 450000100100000000500170001000800410002702000150006804000250008310000390010824500970014726001410024430000260038549000620041150000560047350400730052970000380060283000690064095201050070995201050081499900170091900003985920201002033756.0130725s1987 sp 000 0 spa d a8400067088 aDO-SdBNPbspacBNPHU1 aLobo Guerrero, Bartolomé.96606010aSínodos de Lima de 1613 y 1636 / : /cBartolomé Lobo Guerrero, Fernando Arias de Ugarte. aMadrid :bInstituto de Historia de la Teologia Español :bUniversidad Pontificia de Salamanca Centro de Estudios Históricos.,c1987. av. (457) p. ;c24 cm.1 aTierra nueva e cielo nuevo ;aSínodos americanosv6v22 aV quinto centenario del descubrimiento de América aIncluye referencias bibliográficas y notas al pie de las páginas1 aArias de Ugarte, Fernando.966061 0aTierra nueva e cielo nuevo ;v22pSínodos americanosv6966062 001050718MOaGRbGRcCTd2013-07-25iLF1l0o p39859-10r2020-06-25w2020-06-25y1ZNo se presta 001050718MOaGRbGRcCTd2013-07-25iLF1l0o p39859-20r2020-06-25w2020-06-25y1ZNo se presta c39349d39349